000 00466pab a2200169 454500
008 180718b2010 xxu||||| |||| 00| 0 eng d
100 _aChaudhuri, Dipayan Datta
245 _aProductivity growth of Indian manufacturing firms in an era of economic reforms: A review
260 _c2010
300 _ap.248-253.
362 _aOct-Dec
650 _aEconomic reform
650 _aManufacturing industry
773 _aProductivity
908 _aN
909 _a94017
999 _c94017
_d94017